[Event "Hessen-ch op-B"]
[Site "Floersheim"]
[Date "2016.05.07"]
[Round "5"]
[White "Bahlke, Florian"]
[Black "Maerz, Maximilian"]
[Result "1/2-1/2"]
[WhiteElo "1788"]
[BlackElo "1910"]
[PlyCount "74"]
[EventDate "2016.05.05"]
[EventType "swiss"]
[EventRounds "7"]
[EventCountry "GER"]
[SourceTitle "EXT 2022"]
[Source "ChessBase"]
[SourceDate "2021.10.06"]
[SourceVersion "1"]
[SourceVersionDate "2021.10.06"]
[SourceQuality "1"]

1. d4 Nf6 2. c4 e6 3. Bg5 Bb4+ 4. Nc3 h6 5. Bh4 c5 6. a3 Bxc3+ 7. bxc3 Qa5 8. Qd3 Ne4 9. e3 Qxc3+ 10. Qxc3 Nxc3 11. Bd3 Na4 12. Nf3 d6 13. 0-0 Nc6 14. Bg3 Ke7 15. Rab1 g5 16. d5 Nd8 17. Nd2 e5 18. f4 f6 19. fxe5 fxe5 20. Rf2 Bg4 21. Rbf1 Bh5 22. Rf6 Nf7 23. Bg6 Bxg6 24. Rxg6 Raf8 25. Re6+ Kd7 26. Rff6 Nb6 27. h4 Nc8 28. Rf2 Nb6 29. Ref6 Ke7 30. Re6+ Kd7 31. Ref6 Rh7 32. Kf1 Ke8 33. Ke2 Rhh8 34. Re6+ Kd8 35. Kd3 Nd7 36. Ne4 Kc7 37. Re7 Nd8 1/2-1/2

[Event "Hessen-ch op-B"]
[Site "Floersheim"]
[Date "2016.05.06"]
[Round "3"]
[White "Gutacker, Stephan"]
[Black "Bahlke, Florian"]
[Result "0-1"]
[WhiteElo "1868"]
[BlackElo "1788"]
[PlyCount "54"]
[EventDate "2016.05.05"]
[EventType "swiss"]
[EventRounds "7"]
[EventCountry "GER"]
[SourceTitle "EXT 2022"]
[Source "ChessBase"]
[SourceDate "2021.10.06"]
[SourceVersion "1"]
[SourceVersionDate "2021.10.06"]
[SourceQuality "1"]

1. e4 c5 2. c3 d5 3. exd5 Qxd5 4. d4 g6 5. Nf3 Bg7 6. Be2 cxd4 7. cxd4 Nh6 8. Nc3 Qa5 9. Bxh6 Bxh6 10. 0-0 0-0 11. Ne5 Nd7 12. Nc4 Qd8 13. Bf3 a6 14. Re1 Rb8 15. Qe2 b5 16. Ne5 Nxe5 17. dxe5 Bb7 18. Bxb7 Rxb7 19. e6 Qd2 20. Qe4 Rb6 21. exf7+ Rxf7 22. Re2 Qg5 23. Nd5 Rb7 24. Qe6 Bf8 25. Nb4 Qf6 26. Nxa6 Rb6 27. Qxf6 exf6 0-1

[Event "Hessen-ch op-B"]
[Site "Floersheim"]
[Date "2016.05.05"]
[Round "2"]
[White "Bahlke, Florian"]
[Black "Rafiee, Kayvan"]
[Result "1/2-1/2"]
[WhiteElo "1788"]
[BlackElo "1863"]
[PlyCount "30"]
[EventDate "2016.05.05"]
[EventType "swiss"]
[EventRounds "7"]
[EventCountry "GER"]
[SourceTitle "EXT 2022"]
[Source "ChessBase"]
[SourceDate "2021.10.06"]
[SourceVersion "1"]
[SourceVersionDate "2021.10.06"]
[SourceQuality "1"]

1. d4 d5 2. c4 Nc6 3. e3 e5 4. Nc3 Bb4 5. a3 Bxc3+ 6. bxc3 Nge7 7. Qb3 dxc4 8. Bxc4 0-0 9. Ne2 Na5 10. Qa2 Nxc4 11. Qxc4 exd4 12. cxd4 c6 13. 0-0 Qd5 14. Qxd5 cxd5 15. Bd2 Nc6 1/2-1/2

[Event "Heusenstamm Sparkassen op-A 2nd"]
[Site "Heusenstamm"]
[Date "2015.11.27"]
[Round "2"]
[White "Bahlke, Florian"]
[Black "Budzyn, Matthias"]
[Result "0-1"]
[WhiteElo "1836"]
[BlackElo "2164"]
[PlyCount "56"]
[EventDate "2015.11.26"]
[EventType "swiss"]
[EventRounds "7"]
[EventCountry "GER"]
[SourceTitle "EXT 2018"]
[Source "ChessBase"]
[SourceDate "2017.10.13"]
[SourceVersion "1"]
[SourceVersionDate "2017.10.13"]
[SourceQuality "1"]

1. c4 g6 2. g3 Nf6 3. Bg2 Bg7 4. Nc3 c5 5. Nf3 0-0 6. 0-0 d5 7. cxd5 Nxd5 8. Nxd5 Qxd5 9. d3 Nc6 10. Ng5 Qd8 11. Rb1 Bd7 12. Bd2 b6 13. Bc3 e5 14. Ne4 Qe7 15. Qb3 Nd4 16. Bxd4 cxd4 17. Qd5 Bg4 18. f3 Rfd8 19. Qc6 Rac8 20. Qa4 Be6 21. Rbc1 Bh6 22. f4 Rxc1 23. Rxc1 exf4 24. gxf4 Bxf4 25. Rf1 Qh4 26. Rxf4 Qxf4 27. Qxa7 Rc8 28. Qxb6 Rc1+ 0-1

[Event "Hessen-ch op-B"]
[Site "Frankfurt Sossenheim"]
[Date "2015.??.??"]
[Round "7"]
[White "Bahlke, Florian"]
[Black "Hirsch, Gabriel"]
[Result "0-1"]
[WhiteElo "1271"]
[BlackElo "1778"]
[PlyCount "64"]
[EventDate "2015.05.13"]
[EventType "swiss"]
[EventRounds "7"]
[EventCountry "GER"]
[SourceTitle "EXT 2016"]
[Source "ChessBase"]
[SourceDate "2015.10.08"]
[SourceVersion "1"]
[SourceVersionDate "2015.10.08"]
[SourceQuality "1"]

1. c4 e5 2. g3 Nf6 3. Bg2 Bc5 4. Nc3 c6 5. e3 d5 6. cxd5 cxd5 7. d4 exd4 8. exd4 Bb4 9. Nge2 0-0 10. 0-0 Nc6 11. a3 Bxc3 12. Nxc3 h6 13. h3 Bf5 14. Be3 Qd7 15. Kh2 Rfe8 16. b4 Rac8 17. Qd2 Ne7 18. Rac1 Ng6 19. f3 h5 20. Bf2 a6 21. Ne2 Qd6 22. Kh1 Qe6 23. Rfe1 Bxh3 24. Nf4 Bxg2+ 25. Kxg2 Qf5 26. Nxg6 Qxg6 27. Rxe8+ Rxe8 28. Rc7 h4 29. Rxb7 hxg3 30. Bxg3 Nh5 31. Qf2 Re2 32. Qxe2 Nf4+ 0-1

[Event "Hessen-ch op-B"]
[Site "Frankfurt Sossenheim"]
[Date "2015.??.??"]
[Round "5"]
[White "Bahlke, Florian"]
[Black "John, Volkmar"]
[Result "1/2-1/2"]
[WhiteElo "1271"]
[BlackElo "1770"]
[PlyCount "44"]
[EventDate "2015.05.13"]
[EventType "swiss"]
[EventRounds "7"]
[EventCountry "GER"]
[SourceTitle "EXT 2016"]
[Source "ChessBase"]
[SourceDate "2015.10.08"]
[SourceVersion "1"]
[SourceVersionDate "2015.10.08"]
[SourceQuality "1"]

1. c4 Nf6 2. g3 e6 3. Bg2 d5 4. cxd5 exd5 5. d4 c6 6. Nf3 Bd6 7. 0-0 0-0 8. Bg5 Nbd7 9. Nc3 h6 10. Bxf6 Nxf6 11. a3 Bf5 12. Nd2 Qe7 13. Re1 Ne4 14. Ncxe4 dxe4 15. e3 Rfe8 16. Nc4 Bc7 17. Qe2 Rad8 18. b4 Qe6 19. Qc2 h5 20. Nd2 h4 21. Nb3 hxg3 22. fxg3 Bd6 1/2-1/2